Normal view MARC view
  • Vial, Joaquín

Entry Nombre Personal

Number of records used in: 1

001 - NUMERO DE CONTROL

  • campo de control: 57614

003 - IDENTIFICADOR DE NUMERO DE CONTROL

  • campo de control: MX-MxUPN

005 - FECHA Y HORA DE LA ÜLTIMA TRANSACCIÓN

  • campo de control: 20250904102843.0

008 - DATOS DE LONGITUD FIJA

  • campo de control de longitud fija: 250904|| aca||aabn | a|a d

040 ## - FUENTE DE CATALOGACIÓN

  • Agencia original de catalogación: MX-MxUPN

100 ## - ENCABEZAMIENTO - NOMBRE PERSONAL

  • Nombre personal: Vial, Joaquín
  • Término de relación: edición

670 ## - FUENTE EN LA QUE SE LOCALIZARON DATOS

  • Cita de la fuente: Vial, Joaquín
  • Información localizada: En portada: (Editors Jaquín Vial, Harvard University)

902 ## - CATALOGADOR

  • Catalogador: Berenice Martínez/040925